Química medioambiental

Gespeichert in:
Bibliographische Detailangaben
1. Verfasser: Spiro, Thomas G
Weitere Verfasser: Stigliani, William M
Format: Buch
Sprache:Spanisch
Veröffentlicht: Madrid, España Pearson Educación 2004
Ausgabe:Segunda edición
Schlagworte:
Tags: Tag hinzufügen
Keine Tags, Fügen Sie den ersten Tag hinzu!

MARC

LEADER 00000cam a2200000 a 4500
001 UCK2998
003 CL-VaPUC
005 20220914074226.0
008 050401e20040000SP |||||||||||||||||spa|d
999 |c 312347  |d 312345 
020 |a 8420539058 
040 |c Pontificia Universidad Católica de Valparaíso 
082 0 4 |a 577.14 SPI 2004  |2 21 
100 0 |a Spiro, Thomas G  |9 490995 
245 1 0 |a Química medioambiental 
250 |a Segunda edición 
260 0 3 |a Madrid, España  |b Pearson Educación  |c 2004 
300 |a 504 páginas 
583 |a last modification  |c 20150525 01:47:05  |k Rodrigo Vera 
650 7 |a QUIMICA DEL MEDIO AMBIENTE  |2 CL-VaPUC  |9 306783 
650 0 |a Medio ambiente  |9 257625 
650 0 |a Fuentes de energía  |9 263042 
650 0 |a Atmósfera  |9 261875 
650 7 |a HIDROSFERA  |2 CL-VaPUC  |9 407459 
650 0 |a Litósfera  |9 453836 
650 7 |a BIOSFERA  |2 CL-VaPUC  |9 264378 
700 0 |a Stigliani, William M  |9 490996 
942 |c BK  |2 ddc 
945 |d 20050401 00:00:00  |a cmena 
952 |0 0  |1 0  |2 ddc  |4 0  |6 577_140000000000000_SPI_2004  |7 0  |8 A  |9 382495  |a BIBCUR  |b BIBCUR  |d 2019-11-21  |i 4106180  |o 577.14 SPI 2004  |p 4106180  |r 2025-04-22  |t 1  |w 2019-11-21  |y BK  |k QUI 
952 |0 0  |1 0  |2 ddc  |4 0  |6 577_140000000000000_SPI_2004  |7 0  |8 A  |9 382496  |a BIBCUR  |b BIBCUR  |d 2019-11-21  |i 4106199  |o 577.14 SPI 2004  |p 4106199  |r 2025-04-22  |t 2  |w 2019-11-21  |y BK  |k QUI 
952 |0 0  |1 0  |2 ddc  |4 0  |6 577_140000000000000_SPI_2004  |7 0  |8 A  |9 382497  |a BIBCUR  |b BIBCUR  |d 2019-11-21  |i 4106202  |o 577.14 SPI 2004  |p 4106202  |r 2025-04-22  |t 3  |w 2019-11-21  |y BK  |k QUI 
952 |0 0  |1 0  |2 ddc  |4 0  |6 577_140000000000000_SPI_2004  |7 0  |8 A  |9 382498  |a BIBCUR  |b BIBCUR  |d 2019-11-21  |i 4106210  |l 1  |o 577.14 SPI 2004  |p 4106210  |r 2025-04-22  |s 2022-10-03  |t 4  |w 2019-11-21  |y BK  |k QUI 
952 |0 0  |1 0  |2 ddc  |4 0  |6 577_140000000000000_SPI_2004  |7 0  |8 A  |9 382499  |a BIBCUR  |b BIBCUR  |d 2019-11-21  |i 4106229  |o 577.14 SPI 2004  |p 4106229  |r 2025-04-22  |t 5  |w 2019-11-21  |y BK  |k QUI 
952 |0 0  |1 0  |2 ddc  |4 0  |6 577_140000000000000_SPI_2004  |7 0  |8 A  |9 382500  |a BIBAGR  |b BIBAGR  |d 2019-11-21  |i 4241371  |o 577.14 SPI 2004  |p 4241371  |r 2025-01-20  |t 15  |w 2019-11-21  |y BK  |k AGR 
952 |0 0  |1 0  |2 ddc  |4 0  |6 577_140000000000000_SPI_2004  |7 0  |8 A  |9 382501  |a BIBCUR  |b BIBCUR  |d 2019-11-21  |i 4385047  |o 577.14 SPI 2004  |p 4385047  |r 2025-04-22  |t 6  |w 2019-11-21  |y BK  |k BIO 
952 |0 0  |1 0  |2 ddc  |4 0  |6 577_140000000000000_SPI_2004  |7 0  |8 A  |9 382502  |a BIBCUR  |b BIBCUR  |d 2019-11-21  |i 4385055  |o 577.14 SPI 2004  |p 4385055  |r 2025-04-22  |t 7  |w 2019-11-21  |y BK  |k BIO 
952 |0 0  |1 0  |2 ddc  |4 0  |6 577_140000000000000_SPI_2004  |7 0  |8 A  |9 382504  |a BIBCUR  |b BIBCUR  |d 2019-11-21  |i 4470060  |l 1  |o 577.14 SPI 2004  |p 4470060  |r 2025-04-22  |s 2022-11-09  |t 9  |w 2019-11-21  |y BK  |k QUI 
952 |0 0  |1 0  |2 ddc  |4 0  |6 577_140000000000000_SPI_2004  |7 0  |8 A  |9 382505  |a BIBCUR  |b BIBCUR  |d 2019-11-21  |i 4470079  |o 577.14 SPI 2004  |p 4470079  |r 2025-04-22  |t 10  |w 2019-11-21  |y BK  |k QUI 
952 |0 0  |1 0  |2 ddc  |4 0  |6 577_140000000000000_SPI_2004  |7 0  |8 A  |9 382506  |a BIBCUR  |b BIBCUR  |d 2019-11-21  |i 4470087  |l 1  |o 577.14 SPI 2004  |p 4470087  |r 2025-04-22  |s 2022-03-28  |t 11  |w 2019-11-21  |y BK  |k QUI 
952 |0 0  |1 0  |2 ddc  |3 erb  |4 0  |6 577_140000000000000_SPI_2004  |7 0  |8 A  |9 382507  |a BIBING  |b BIBING  |i 5161037  |o 577.14 SPI 2004  |p 5161037  |r 2025-01-20  |t 12  |w 2019-11-21  |y BK  |z Catalogado en:20150529  |k EIQ 
952 |0 0  |1 0  |2 ddc  |3 erb  |4 0  |6 577_140000000000000_SPI_2004  |7 0  |8 A  |9 382508  |a BIBING  |b BIBING  |i 5161045  |o 577.14 SPI 2004  |p 5161045  |r 2025-01-20  |t 13  |w 2019-11-21  |y BK  |z Catalogado en:20150529  |k EIQ 
952 |0 0  |1 0  |2 ddc  |3 erb  |4 0  |6 577_140000000000000_SPI_2004  |7 0  |8 A  |9 382509  |a BIBING  |b BIBING  |i 5161053  |o 577.14 SPI 2004  |p 5161053  |r 2025-01-20  |t 14  |w 2019-11-21  |y BK  |z Catalogado en:20150529  |k EIQ